000 00601nam a22002297a 4500
003 UA-OsUOA
001 57748
007 ta
008 20060903b un ||||| |||| 00| 0 ukr d
100 _aНовосад П.
090 _a82-94
_bН76
942 _cBK
040 _aUA-OsUOA
_bukr
_cUA-OsUOA
_dUA-OsUOA
245 _aЗ Україною в серці
_bСпогади
300 _a180 с.
955 _a4
041 _aukr
080 _a82-94
260 _aЛьвів
_bКаменяр
_c1995
650 7 _a82 Література. Літературознавство
_2UDC
999 _c343835
_d343835